000 00505nam a2200217Ia 4500
003 0100
008 130227s9999 xx 000 0 und d
020 _a9781844652082
040 _cARRUPELIB
050 _aBC199.M6G57 2009
100 _aGirle, Rod
245 _aModal logics and philosophy
250 _a2nd edition
260 _aDurham
260 _bAcumen
260 _C2009
300 _aviii
300 _b 248p 23cm
650 _bShona language - Reader - Agriculture
942 _2lcc
_03
999 _c6257
_d6257